000 00300nam a2200109Ia 4500
008 230907s9999||||xx |||||||||||||| ||und||
082 _a660.2812
_bANA
245 0 _aAnalysis, synthesis, and design of chemical processes /
300 _axxxix, 1464 pages :
650 _aTextbooks.
_98511
942 _cBK
999 _c598565
_d598565